Arabian Cities in Civilization 6 Map quiz - Statistics

General Stats
  • This quiz has been taken 34 times
  • The average score is 14 of 30
Answers on the Map
Answers color-coded by a green-red scale on the quiz's map according to % correct below.
 
Answer Stats
Answer % Correct
Baghdad
97%
Tripoli
97%
Cairo
94%
Mecca
94%
Sana'a
94%
Damascus
91%
Medina
91%
Jeddah
88%
Aleppo
81%
Halab
78%
Aden
66%
Suez
59%
Homs
50%
Aqaba
47%
Ayla
47%
Hama
31%
Ar-Raqqah
28%
Damietta
28%
Tabuk
22%
Taif
22%
Irbid
16%
Ta'izz
16%
Al-Bab
6%
Al Karak
3%
Al Qunfudhah
3%
Barqah
3%
Zabid
3%
Aydhab
0%
Bilbeis
0%
Hattin
0%
No matching quizzes found
Score Distribution
Percent of People with Each Score
Percentile by Number Answered
Your Score History
You have not taken this quiz